Catálogo
 En Linea

Déjame fluir y llagaré a la esencia de mi manantial interior sin ningún esfuerzo: / (Registro nro. 9004)

Detalles MARC
000 -CABECERA
campo de control de longitud fija 00586nam a2200169 a 4500
001 - NÚMERO DE CONTROL
campo de control 000009241
005 - FECHA Y HORA DE LA ÚLTIMA TRANSACCIÓN
campo de control 20200929161529.0
008 - DATOS DE LONGITUD FIJA--INFORMACIÓN GENERAL
campo de control de longitud fija 090929s2007 dr 001 0 spa d
040 ## - FUENTE DE LA CATALOGACIÓN
Centro catalogador/agencia de origen DO-SdBNP
082 ## - NÚMERO DE LA CLASIFICACIÓN DECIMAL DEWEY
Número de clasificación xxxx
Número de documento/Ítem C335d
049 ## - FONDOS LOCALES (OCLC)
Fondos de biblioteca BNPD
100 1# - ENTRADA PRINCIPAL--NOMBRE DE PERSONA
Nombre de persona Casas, Félix F.
9 (RLIN) 23938
245 10 - MENCIÓN DE TÍTULO
Título Déjame fluir y llagaré a la esencia de mi manantial interior sin ningún esfuerzo: /
Mención de responsabilidad, etc. Félix F. Casas.
260 ## - PUBLICACIÓN, DISTRIBUCIÓN, ETC.
Lugar de publicación, distribución, etc. Santo Domingo :
Nombre del editor, distribuidor, etc. Akeru Publicaciones,
Fecha de publicación, distribución, etc. 2007.
300 ## - DESCRIPCIÓN FÍSICA
Extensión 52 p. ;
Dimensiones 22 cm.
500 ## - NOTA GENERAL
Nota general Aspectos experimentales filosóficos y espirituales de la medicina espiral eclética
Existencias
Estado de retiro Estado de pérdida No para préstamo Código de colección Localización permanente Ubicación/localización actual Ubicación en estantería Fecha de adquisición Número de inventario Total de préstamos Signatura topográfica completa Código de barras Fecha visto por última vez Precio válido a partir de Tipo de ítem Koha Número de copia
    Excluido de préstamo Patrimonio Dominicano Patrimonio Dominicano Patrimonio Dominicano En catalogación 29.09.2009 LF1   xxxx C335d 9241-10 25.06.2020 25.06.2020 Libro y Folleto Colección Patrimonio Dominicano  
    Excluido de préstamo Patrimonio Dominicano Patrimonio Dominicano Patrimonio Dominicano En catalogación 19.04.2011 LF1   xxxx C335d 9241-20 25.06.2020 25.06.2020 Libro y Folleto Colección Patrimonio Dominicano e. 2

Con tecnología Koha